000 00568nam a2200193 a 4500
003 PILC
005 20160224103818.0
008 080201s19uu xx 00 eng d
020 _a8178802694
050 _aG 155.P6
_b.Sh531 2007
100 _aSharma, Sunil.
245 _aRealtime travel information /
_cSunil Sharma
260 _aNew Delhi, India :
_bRajat Publicatios,
_c2007.
300 _a278 pages :
_billustrations ;
_c22 cm.
500 _aIncludes bibliographical references and index.
650 _aTravel time.
942 _cBK
_2lcc
_kFOR
999 _c22897
_d22897